El nudo cántabro ibérico y el Pico de Tres Mares (Santader) (Record no. 81306)

MARC details
000 -LEADER
campo de control de longitud fija 00726nam a2200193 i 4500
001 - NÚMERO DE CONTROL
campo de control 81306
003 - IDENTIFICADOR DE NÚMERO DE CONTROL
campo de control ES-MaACL
005 - FECHA Y HORA DE LA ÚLTIMA TRANSACCIÓN
campo de control 20230906174419.0
007 - CAMPO FIJO DE DESCRIPCIÓN FÍSICA--INFORMACIÓN GENERAL
campo de control de longitud fija t|
008 - DATOS DE LONGITUD FIJA--INFORMACIÓN GENERAL
campo de control de longitud fija 041104q19001999sp ||||1| spa d
100 1# - ENTRADA PRINCIPAL--NOMBRE DE PERSONA
Nombre de persona Hoyos Sáinz, Luis de,
Fechas asociadas al nombre 1868-1951
9 (RLIN) 64437
245 13 - MENCIÓN DEL TÍTULO
Título El nudo cántabro ibérico y el Pico de Tres Mares (Santader)
Resto del título : nota preliminar /
Mención de responsabilidad, etc. de Luis de Hoyos Sáinz.
260 ## - PUBLICACIÓN, DISTRIBUCIÓN, ETC.
Lugar de publicación, distribución, etc. Madrid :
Nombre del editor, distribuidor, etc. [s.n.,
Fecha de publicación, distribución, etc. 19--?] (
Fabricante Huelves y Cía.)
300 ## - DESCRIPCIÓN FÍSICA
Extensión p. 153-159 ;
Dimensiones 24 cm.
500 ## - NOTA GENERAL
Nota general Precede al tít.: Asociación Española para el progreso de las Ciencias.
710 2# - ENTRADA AGREGADA--NOMBRE DE ENTIDAD CORPORATIVA
Nombre de entidad corporativa o nombre de jurisdicción como elemento de entrada Asociación Española para el Progreso de las Ciencias.
9 (RLIN) 1705
852 ## - LOCALIZACIÓN
Ubicación ES-MaACL
Número de control de estantería 1840-F-14
Sublocalización o colección R.19973
Holdings
Estatus retirado Estado de pérdida Estado de daño No para préstamo Colección Biblioteca de origen Biblioteca actual Ubicación en estantería Fecha de adquisición Fuente de adquisición Total de préstamos Signatura topográfica completa Código de barras Visto por última vez Precio de reemplazo Tipo de ítem Koha
        Colección de folletos Biblioteca del Ateneo de Madrid Biblioteca del Ateneo de Madrid Depósito folletos 17/01/2008     1840-F-14 1084995 23/02/2023 23/02/2023 Folleto